| 000 | 00872nas a2200301 4500 | ||
|---|---|---|---|
| 001 | BR0003315 | ||
| 003 | BR-BrBNA | ||
| 005 | 20231205101931.0 | ||
| 007 | ta | ||
| 008 | 230509b bl.|||p| |||| 00| 00por d | ||
| 040 |
_aBR-BrBNA _bpor _cBiblioteca Nacional de Agricultura |
||
| 041 | _a(Pt) | ||
| 072 | _aF03 | ||
| 100 | 1 | _aSpinola, M.C.M. | |
| 100 | 1 | _aCaliari, M.F. | |
| 100 | 1 | _aMartins, L. | |
| 100 | 1 | _aTessarioli Neto, J. | |
| 245 | 1 | _aComparacao entre metodos para avalizacao do vigor de sementes de cenoura | |
| 650 | _aCenoura | ||
| 650 | _aSemente | ||
| 650 | _aTeste de Sementes | ||
| 650 | _aTeste de Vigor | ||
| 650 | _aQualidade | ||
| 650 | _aMinas Gerais | ||
| 773 | 0 |
_tRevista Brasileira de Sementes (Brazil) _xISSN 0101-3122 _g(1998), v. 20(2) p. 301-305 _wBR0003315 |
|
| 909 |
_a202311 _bLúcia _c55 _dLúcia Elande |
||
| 942 |
_2AGRIS _n0 _cANA |
||
| 999 |
_c164797 _d164797 |
||